Normal view
MARC view
Entry Topical Term
001 - CONTROL NUMBER
- control field: 16762
003 - CONTROL NUMBER IDENTIFIER
- control field: OSt
005 - DATE AND TIME OF LATEST TRANSACTION
- control field: 20260103121822.0
008 - FIXED-LENGTH DATA ELEMENTS
- fixed length control field: 260103|| aca||aabn | a|a d
040 ## - CATALOGING SOURCE
- Original cataloging agency: OSt
- Transcribing agency: OSt
150 ## - HEADING--TOPICAL TERM
- Topical term or geographic name entry element: Criminal Procedure/Offences in India
670 ## - SOURCE DATA FOUND
- Source citation: Work cat.: (OSt)360136: Kalra, Kush 16565, Handbook on offences and punishments (as per new criminal laws), 2026
